000 01122nam a22002657a 4500
005 20170124102939.0
010 _aA-802793
020 _c15.00
_a812600018
035 _aA-802793
037 _bCen Lib/Ret
040 _aDPL
_bHN
082 _a821.08
_bनन्दकि
100 _aनन्दकिशोर नवल
_97895
245 _aमुक्तिबोध /
_cनन्दकिशोर नवल
246 _aMuktibodh /
_bby Nandkishore Naval
260 _aनयी दिल्ली
_bसाहित्य अकादमी
_c1996
270 _bनयी दिल्ली
_a35, फीरोजशाह मार्ग
_e110001
300 _a102पृ.
_c21सेमी (सजिल्द)
500 _aसंदर्भ शामिल
650 _aहिन्दी -- साहित्य
_947533
650 _aहिन्दी -- काव्य रचना
_947534
650 _aHindi -- Literature
_947535
650 _aHindi - poetry creation
_947536
942 _2ddc
_cHN
_h821.08
_mनन्दकि
999 _c112444
_d112444